[Event "ICS rated blitz match"]
[Site "204.178.125.65"]
[Date "2000.01.21"]
[Round "?"]
[White "star"]
[Black "Hossa"]
[Result "0-1"]
[WhiteElo "2370"]
[BlackElo "2464"]
[PlyCount "125"]

1. e4 c5 2. Nf3 d6 3. d4 cxd4 4. Nxd4 Nf6 5. Nc3 Nc6 6. Bb5 Bd7 7. O-O g6 8.
Nxc6 bxc6 9. Be2 Bg7 10. Be3 O-O 11. Rb1 Ne8 12. Qd2 f5 13. Rfe1 fxe4 14. Nxe4
d5 15. Nc5 Bf5 16. Bd3 e5 17. Bg5 Qd6 18. b4 e4 19. Bf4 Qf6 20. Ba6 Bc8 21.
Bxc8 Rxc8 22. Bg3 Rf7 23. c4 Qf5 24. Rbd1 Nf6 25. h3 Re8 26. cxd5 cxd5 27. a4
Rc8 28. a5 Bf8 29. Rc1 Nh5 30. Bh2 Be7 31. g4 Bg5 32. Qa2 Qf3 33. gxh5 Bxc1 34.
hxg6 hxg6 35. Rxc1 e3 36. Bg3 Rcf8 37. Rc2 Re7 38. Qa1 exf2+ 39. Bxf2 Qxh3 40.
Rc3 Qh5 41. Nd7 Rxd7 42. Qe1 Qf5 43. Bg3 d4 44. Rc1 Qg4 45. Rc2 d3 46. Rd2 Rdd8
47. Kg2 Rf3 48. b5 Rc8 49. b6 axb6 50. axb6 Rcf8 51. Qe5 R8f7 52. Ra2 Kh7 53.
Rb2 R3f5 54. Qe1 g5 55. Qe3 Rf3 56. Qe1 Rf1 57. Qe3 R7f3 58. Qe7+ Kh6 59. Qe5
Rxg3+ 60. Qxg3 Rg1+ 61. Kxg1 Qxg3+ 62. Kf1 Qf4+ 63. Rf2 0-1

[Event "ICS rated blitz match"]
[Site "204.178.125.65"]
[Date "2000.01.21"]
[Round "?"]
[White "Hossa"]
[Black "star"]
[Result "0-1"]
[WhiteElo "2476"]
[BlackElo "2358"]
[PlyCount "138"]

1. e4 c5 2. Nf3 e6 3. d4 cxd4 4. Nxd4 a6 5. Nc3 b5 6. Bd3 Bb7 7. O-O Qc7 8. Re1
b4 9. Na4 Nc6 10. Nf3 Bd6 11. g3 Qa5 12. c3 Nf6 13. Be3 bxc3 14. Bb6 Qh5 15.
Nxc3 O-O 16. e5 Nb4 17. Nh4 Qxd1 18. Raxd1 Nfd5 19. Be4 Rfb8 20. Nf3 f5 21.
Bxd5 Nxd5 22. Ba5 Bc5 23. Nd4 Ra7 24. Rd2 Nxc3 25. Bxc3 Bd5 26. Nxf5 Bxa2 27.
Bd4 Bb4 28. Bxa7 Bxd2 29. Bxb8 Bxe1 30. Ne7+ Kf7 31. Nc8 Ke8 32. Bd6 Kd8 33.
Nb6 Bb3 34. Na8 Ba5 35. Bf8 g6 36. Bc5 Kc8 37. Bb6 Bxb6 38. Nxb6+ Kc7 39. Nxd7
Kxd7 40. Kg2 Kc6 41. Kf3 Kd5 42. Kf4 h6 43. h3 g5+ 44. Ke3 Kxe5 45. f3 Bd5 46.
Kf2 Kd4 47. f4 gxf4 48. gxf4 a5 49. Kg3 Kd3 50. Kg4 a4 51. f5 exf5+ 52. Kf4 Be4
53. Kg3 Kc2 54. Kh4 Kxb2 55. Kh5 a3 56. Kh4 f4 57. Kg4 f3 58. Kf4 Bb7 59. Kf5
f2 60. h4 f1=Q+ 61. Ke5 Qb5+ 62. Kf6 Qe8 63. Kg7 Qe7+ 64. Kxh6 Qf6+ 65. Kh7
Be4+ 66. Kg8 Bf5 67. h5 Be6+ 68. Kh7 Qg5 69. h6 Qg8# 0-1

[Event "ICS rated blitz match"]
[Site "204.178.125.65"]
[Date "2000.01.21"]
[Round "?"]
[White "star"]
[Black "Hossa"]
[Result "1-0"]
[WhiteElo "2379"]
[BlackElo "2455"]
[PlyCount "87"]

1. f4 Nf6 2. e3 c5 3. d4 cxd4 4. exd4 d5 5. Nf3 Nc6 6. Bb5 Qa5+ 7. Nc3 Ne4 8.
Bd2 Nxc3 9. Bxc6+ bxc6 10. Bxc3 Qa6 11. Qd3 Qb6 12. a4 a5 13. O-O-O e6 14. Kb1
Ba3 15. b3 O-O 16. Ng5 g6 17. Qh3 h5 18. Qe3 Bd6 19. Nf3 Rb8 20. Qd2 Bc7 21.
Ne5 Kg7 22. Qe3 Re8 23. Rhe1 Kg8 24. Qf3 c5 25. f5 Rf8 26. fxg6 fxg6 27. Qe3 c4
28. Qh6 Bxe5 29. Rxe5 Rf6 30. Rxh5 Kf7 31. Qh7+ Kf8 32. Qh8+ Ke7 33. Rh7+ Rf7
34. Rxf7+ Kxf7 35. Rf1+ Ke7 36. Qf8+ Kd7 37. Rf7+ Kc6 38. Qe8+ Kd6 39. Be1
Qxb3+ 40. cxb3 Rxb3+ 41. Kc1 Rb1+ 42. Kxb1 g5 43. Bg3+ e5 44. Bxe5# 1-0

[Event "ICS rated standard match"]
[Site "204.178.125.65"]
[Date "2000.01.21"]
[Round "?"]
[White "Hossa"]
[Black "Bisdak"]
[Result "1-0"]
[WhiteElo "2304"]
[BlackElo "2052"]
[PlyCount "62"]

1. f4 d5 2. e3 e6 3. Nf3 Nc6 4. d4 Nf6 5. Be2 Bd7 6. O-O Bd6 7. c4 O-O 8. Nc3
Re8 9. Ne5 Bb4 10. Bd2 Bxc3 11. Bxc3 Ne4 12. Qb3 Nxe5 13. fxe5 Qg5 14. Rf4 Bc6
15. Bf3 Nxc3 16. bxc3 dxc4 17. Qxc4 Bxf3 18. Rxf3 Qe7 19. Raf1 Rf8 20. Qb3 c5
21. c4 Rad8 22. Qa3 b6 23. Qd3 Qg5 24. Qd1 Qh5 25. Rxf7 Qxd1 26. Rxf8+ Rxf8 27.
Rxd1 Rd8 28. d5 exd5 29. cxd5 Kf7 30. Rf1+ Ke8 31. e4 c4 1-0

[Event "ICS Rated standard match"]
[Site "204.178.125.65"]
[Date "2000.01.21"]
[Round "?"]
[White "Beadle"]
[Black "Hossa"]
[Result "1-0"]
[WhiteElo "2356"]
[BlackElo "2306"]
[PlyCount "167"]

1. e4 c5 2. Nf3 d6 3. d4 cxd4 4. Qxd4 Nc6 5. Bb5 Bd7 6. Bxc6 bxc6 7. e5 d5 8.
Be3 e6 9. O-O c5 10. Qg4 Qb6 11. b3 Ne7 12. Nbd2 Nf5 13. Rfe1 Be7 14. Kh1 h5
15. Qf4 h4 16. Qg4 h3 17. gxh3 g6 18. Bg5 Bxg5 19. Nxg5 Rb8 20. Ngf3 Qa5 21. a3
Qc3 22. Ra2 Bb5 23. Qg2 Nh4 24. Qg4 d4 25. Qe4 Nxf3 26. Nxf3 Rc8 27. Qb7 Qxe1+
28. Nxe1 Bc6+ 29. Qxc6+ Rxc6 30. Kg2 Kd7 31. Nf3 a5 32. a4 Rc7 33. Ra1 Kc6 34.
Re1 Rh5 35. Nd2 Ra7 36. f3 Rg5+ 37. Kf2 Ra6 38. h4 Rh5 39. Kg3 Ra7 40. f4 Ra8
41. Ne4 Rah8 42. Ng5 Rf8 43. Re2 Rhh8 44. Kg4 c4 45. Rd2 cxb3 46. cxb3 Kc5 47.
Ne4+ Kb4 48. Rxd4+ Kxb3 49. Ng5 Rh6 50. Kg3 Rh5 51. Rd7 Kxa4 52. Nxf7 Rh7 53.
Rd4+ Ka3 54. Nd8 Re8 55. Rd6 Reh8 56. Nxe6 Rxh4 57. Ng5 Rxh2 58. Rxg6 Re2 59.
Kf3 Re1 60. Rd6 a4 61. Kf2 Rhh1 62. Nf3 Re4 63. f5 Rf4 64. f6 Rh3 65. Rd3+ Kb2
66. Kg2 Rh8 67. Kg3 Re4 68. Nd2 Rg8+ 69. Kf3 Re1 70. Kf2 Kc2 71. f7 Rh8 72.
Kxe1 Kxd3 73. e6 a3 74. e7 a2 75. Nb3 Rh1+ 76. Kf2 Rb1 77. e8=Q Rb2+ 78. Kg3
Rxb3 79. f8=Q a1=Q 80. Qf3+ Kd4 81. Qee4+ Kc5 82. Qc6+ Kb4 83. Qb6+ Kc4 84.
Qfxb3# 1-0

[Event "ICS Rated blitz match"]
[Site "204.178.125.65"]
[Date "2000.01.21"]
[Round "?"]
[White "Hossa"]
[Black "Amateur"]
[Result "1-0"]
[WhiteElo "2448"]
[BlackElo "2465"]
[PlyCount "93"]

1. f4 e6 2. Nc3 Nh6 3. e4 Nc6 4. Bc4 Qf6 5. Nge2 Bb4 6. Nb5 Ba5 7. c3 O-O 8.
O-O a6 9. Na3 b5 10. Bb3 Bb7 11. d4 Ne7 12. f5 exf5 13. e5 Qc6 14. Rf3 Ng4 15.
h3 Qb6 16. hxg4 Bxf3 17. gxf3 fxg4 18. fxg4 Rae8 19. Nc2 Qc6 20. Qf1 d6 21.
exd6 Qxd6 22. a4 Qg6 23. Ne3 Bb6 24. Ng3 Qg5 25. Qh3 Ng6 26. Ng2 Qe7 27. axb5
axb5 28. Bd2 Qd6 29. Be3 Qc6 30. Rf1 b4 31. Ne2 bxc3 32. bxc3 Qe4 33. Nef4 Ba5
34. Bd2 Nxf4 35. Nxf4 Bb6 36. Nd5 Re6 37. g5 Qe2 38. Nf4 Qxd2 39. Nxe6 Rb8 40.
Qf3 Rf8 41. Kh1 Bxd4 42. Nxf8 Bf6 43. Qh5 Qh2+ 44. Kxh2 Be5+ 45. Kg2 Bxc3 46.
Qxf7+ Kh8 47. Qg8# 1-0

[Event "ICS Rated blitz match"]
[Site "204.178.125.65"]
[Date "2000.01.21"]
[Round "?"]
[White "Amateur"]
[Black "Hossa"]
[Result "1-0"]
[WhiteElo "2448"]
[BlackElo "2465"]
[PlyCount "73"]

1. e4 c5 2. Nf3 d6 3. Bb5+ Bd7 4. Bc4 b5 5. Be2 Nf6 6. e5 dxe5 7. Nxe5 a6 8.
Bf3 Ra7 9. O-O Bf5 10. Bc6+ Bd7 11. Nxd7 Nxc6 12. Nxf8 Kxf8 13. d3 e5 14. a4 b4
15. Be3 Qd5 16. Nd2 Nd4 17. Ne4 Nxe4 18. dxe4 Qc4 19. Re1 Kg8 20. Rc1 Rc7 21.
c3 bxc3 22. Rxc3 Qe6 23. f4 Qb6 24. fxe5 Rd7 25. Bxd4 Qd8 26. e6 Rxd4 27. exf7+
Kf8 28. Qh5 c4 29. Qc5+ Kxf7 30. Rf1+ Ke6 31. Rxc4 Rd2 32. Qf5+ Kd6 33. e5+ Kd5
34. Qf7+ Kxe5 35. Re1+ Re2 36. Rxe2+ Kd6 37. Qe6# 1-0

[Event "ICS rated blitz match"]
[Site "204.178.125.65"]
[Date "2000.01.21"]
[Round "?"]
[White "Hossa"]
[Black "ural"]
[Result "1-0"]
[WhiteElo "2448"]
[BlackElo "2306"]
[PlyCount "60"]

1. f4 d5 2. e3 Nf6 3. d4 Bg4 4. Be2 h5 5. Nf3 e6 6. c4 c5 7. h3 Bf5 8. Qb3 Qb6
9. Qxb6 axb6 10. Nc3 Nc6 11. cxd5 exd5 12. Bb5 Bd6 13. Ne5 Bd7 14. Nxd7 Kxd7
15. O-O Rhe8 16. Rd1 cxd4 17. Rxd4 Bc5 18. Rd3 Kc7 19. Nxd5+ Nxd5 20. Rxd5 Rad8
21. Rxd8 Rxd8 22. Bc4 Rd1+ 23. Kf2 f6 24. Be2 Rh1 25. a3 Ne7 26. b4 Bd6 27.
Bxh5 Nd5 28. Bb2 Rxa1 29. Bxa1 b5 30. Be8 Nb6 1-0

[Event "ICS rated standard match"]
[Site "204.178.125.65"]
[Date "2000.01.21"]
[Round "?"]
[White "Hossa"]
[Black "GodsProperty"]
[Result "0-1"]
[WhiteElo "2287"]
[BlackElo "2263"]
[PlyCount "130"]

1. f4 d5 2. e3 Nf6 3. d4 e6 4. Nf3 Bd6 5. c4 O-O 6. Nc3 c5 7. Nb5 Nc6 8. Nxd6
Qxd6 9. dxc5 Qxc5 10. b3 dxc4 11. Bxc4 Rd8 12. Bd2 Ne4 13. Qe2 e5 14. Rc1 Qe7
15. O-O Bg4 16. Be1 exf4 17. exf4 Bxf3 18. gxf3 Nd2 19. Qxe7 Nxe7 20. Rf2 Nxc4
21. Rxc4 Rd1 22. Re2 Nc6 23. Kf2 Rad8 24. a4 f6 25. h4 R8d7 26. Bc3 Ne7 27. Bb4
Nf5 28. h5 Kf7 29. Rc8 g6 30. Rf8+ Kg7 31. hxg6 Kxg6 32. Re6 Rf7 33. Rg8+ Ng7
34. Re3 Kf5 35. Bc5 b6 36. Re7 Rxe7 37. Bxe7 Ne6 38. Rh8 Rd7 39. Bb4 Nxf4 40.
Bc3 Rd3 41. Rc8 Nd5 42. Rd8 Ke6 43. Be1 Rxb3 44. Re8+ Kf5 45. Ra8 Rb2+ 46. Kg1
Nf4 47. Rxa7 Rb1 48. Re7 Nd3 49. Kf1 h5 50. Re3 Rxe1+ 51. Rxe1 Nxe1 52. Kxe1
Kf4 53. Kd2 h4 54. Kd3 h3 55. Kd4 h2 56. Kd5 h1=Q 57. Ke6 Qa1 58. Kf7 f5 59.
Ke6 Qxa4 60. Kf6 Qe8 61. Kg7 Ke5 62. f4+ Ke6 63. Kh6 Kf6 64. Kh7 Qf7+ 65. Kh6
Qg6# 0-1

[Event "ICS rated blitz match"]
[Site "204.178.125.65"]
[Date "2000.01.21"]
[Round "?"]
[White "MysticWarrior"]
[Black "Hossa"]
[Result "1-0"]
[WhiteElo "2740"]
[BlackElo "2467"]
[PlyCount "125"]

1. e4 c5 2. Nf3 Nc6 3. d4 cxd4 4. Nxd4 e5 5. Nb5 d6 6. c4 Be7 7. N1c3 a6 8. Na3
Be6 9. Nc2 Rc8 10. b3 Nf6 11. Bd3 Nd4 12. Nxd4 exd4 13. Ne2 Qa5+ 14. Qd2 Qe5
15. f4 Qc5 16. f5 Bd7 17. Bb2 O-O 18. Bxd4 Qc6 19. Nc3 Rfe8 20. O-O Bd8 21.
Rad1 Bb6 22. Bc2 Bxd4+ 23. Qxd4 b5 24. Qxd6 bxc4 25. b4 Qxd6 26. Rxd6 Bc6 27.
Re1 Ng4 28. a4 Re5 29. Rd4 Be8 30. Bd1 h5 31. Bxg4 hxg4 32. Kf2 Rc7 33. Kg3 f6
34. Kxg4 Bd7 35. Red1 Be8 36. Kf4 Kh7 37. g4 Kg8 38. Rd6 Rc6 39. Rxc6 Bxc6 40.
Rd6 Bb7 41. Rd7 Bc6 42. Ra7 Kf8 43. Rxa6 Bd7 44. g5 Bc8 45. Rb6 Kf7 46. Nb5 Ke7
47. gxf6+ gxf6 48. Nd6 Kd7 49. Nxc4 Re8 50. Rxf6 Rh8 51. Ne5+ Ke8 52. Rc6 Bd7
53. Rc7 Rxh2 54. Rxd7 Rf2+ 55. Kg5 Re2 56. f6 Rg2+ 57. Kf5 Rf2+ 58. Ke6 Rf1 59.
f7+ Rxf7 60. Nxf7 Kf8 61. Kf6 Kg8 62. Rd8+ Kh7 63. Rh8# 1-0

[Event "ICS rated standard match"]
[Site "204.178.125.65"]
[Date "2000.01.21"]
[Round "?"]
[White "Bootemout"]
[Black "Hossa"]
[Result "0-1"]
[WhiteElo "2077"]
[BlackElo "2280"]
[PlyCount "72"]

1. d4 Nf6 2. Nf3 c5 3. e3 cxd4 4. exd4 d5 5. Bd3 e6 6. O-O Nc6 7. Bg5 Bd6 8.
Nbd2 O-O 9. Re1 Bd7 10. c3 h6 11. Bh4 Be7 12. Rc1 Rc8 13. Bb1 Qb6 14. b3 Ba3
15. Rc2 Nh5 16. Nf1 Nf4 17. Bg3 Bd6 18. Bxf4 Bxf4 19. g3 Bd6 20. Ne3 Ne7 21.
Ng4 Bb5 22. Nge5 f6 23. Ng4 Ba3 24. Ne3 Qa6 25. Ng2 Bd3 26. Rd2 Bxb1 27. Qxb1
Rxc3 28. Rde2 Rxf3 29. Rxe6 Nc6 30. Qg6 Qd3 31. Qh5 Nxd4 32. Re8 Rf5 33. Rxf8+
Bxf8 34. Qd1 Nf3+ 35. Kh1 Nxe1 36. Qxe1 Re5 0-1

[Event "ICS rated blitz match"]
[Site "204.178.125.65"]
[Date "2000.01.21"]
[Round "?"]
[White "Hossa"]
[Black "PostModernist"]
[Result "1-0"]
[WhiteElo "2478"]
[BlackElo "2548"]
[PlyCount "129"]

1. e4 c5 2. Nf3 Nc6 3. d4 cxd4 4. Nxd4 Nf6 5. Nc3 d6 6. Bg5 e6 7. Qd2 a6 8.
O-O-O Bd7 9. f4 h6 10. Bh4 g5 11. fxg5 Ng4 12. Nf3 hxg5 13. Bxg5 f6 14. Bf4 e5
15. g3 exf4 16. gxf4 Nge5 17. Be2 Nxf3 18. Bxf3 Qa5 19. Qg2 O-O-O 20. Bg4 Be7
21. Bxd7+ Rxd7 22. Qg7 Rh4 23. Nd5 Bd8 24. Qg8 Nb4 25. Qg3 Rh5 26. Nxb4 Qxb4
27. Qg2 Rb5 28. c3 Qc4 29. Kb1 Bb6 30. Rhe1 Bc5 31. Qf3 Ba3 32. Re2 Rg7 33. Ka1
Bc5 34. Red2 Rh7 35. e5 Rh4 36. exd6 Qxf4 37. Qd5 Rh8 38. c4 Be3 39. cxb5 Bxd2
40. bxa6 Kd7 41. axb7 Qxh2 42. Qb5+ Ke6 43. Qb3+ Kf5 44. b8=Q Rxb8 45. Qxb8 Bf4
46. Qc8+ Kg6 47. d7 Bc7 48. Qg8+ Kf5 49. Rf1+ Ke5 50. Qe8+ Kd4 51. d8=Q+ Bxd8
52. Qd7+ Ke3 53. Re1+ Kf2 54. Qd2+ Kg3 55. Re3+ Kf4 56. Re2+ Kf5 57. Qd7+ Kf4
58. Rxh2 Bb6 59. Qd6+ Kg5 60. Qxb6 Kf5 61. Rf2+ Ke5 62. Qxf6+ Kd5 63. Rf4 Kc5
64. Rf5+ Kb4 65. Qh4# 1-0

[Event "ICS rated blitz match"]
[Site "204.178.125.65"]
[Date "2000.01.21"]
[Round "?"]
[White "PostModernist"]
[Black "Hossa"]
[Result "1-0"]
[WhiteElo "2529"]
[BlackElo "2497"]
[PlyCount "101"]

1. Nf3 c5 2. g3 d5 3. Bg2 Nc6 4. O-O Nf6 5. d3 e5 6. e4 d4 7. Na3 Bg4 8. h3 Be6
9. Ng5 Bd6 10. Nxe6 fxe6 11. Nc4 O-O 12. a4 Bc7 13. Bd2 Qe8 14. b3 Qg6 15. Qe2
Rf7 16. Rfd1 Raf8 17. Bf3 a6 18. a5 h5 19. h4 Ng4 20. Bxg4 hxg4 21. Rf1 Qh5 22.
Rab1 Bb8 23. Bc1 Rf3 24. Ba3 Ba7 25. b4 cxb4 26. Bxb4 R8f7 27. Qd2 Nxb4 28.
Qxb4 Rd7 29. Qa4 Rc7 30. Nd6 Bc5 31. Nxb7 Ba7 32. Nd8 Rf6 33. Rb7 Rxb7 34. Nxb7
Qh8 35. Qc6 Kh7 36. Qxa6 Qb8 37. Rb1 Bc5 38. Qc6 Be7 39. a6 Kg8 40. Rb5 Qf8 41.
a7 Qa8 42. Ra5 Rf8 43. Qxe6+ Rf7 44. Ra6 g5 45. hxg5 Bxg5 46. Nd6 Bh6 47. Qxf7+
Kh8 48. Ne8 Qc6 49. Rxc6 Bf8 50. Qxf8+ Kh7 51. Qg7# 1-0

[Event "ICS rated standard match"]
[Site "204.178.125.65"]
[Date "2000.01.21"]
[Round "?"]
[White "Hossa"]
[Black "PostModernist"]
[Result "0-1"]
[WhiteElo "2288"]
[BlackElo "2452"]
[PlyCount "150"]

1. Nf3 Nf6 2. g3 g6 3. Bg2 Bg7 4. d4 O-O 5. c4 c6 6. Nc3 d5 7. cxd5 cxd5 8. O-O
Ne4 9. Nxe4 dxe4 10. Ne5 Qd5 11. f3 Bxe5 12. dxe5 Qc5+ 13. Kh1 exf3 14. exf3
Qxe5 15. Re1 Qf6 16. Bh6 Re8 17. Qd2 Nc6 18. Bg5 Qg7 19. Bh6 Qd4 20. Qe2 Be6
21. b3 Red8 22. Rac1 Rd7 23. Rcd1 Qe5 24. Qf2 Rxd1 25. Rxd1 Qh5 26. Bf4 Bh3 27.
g4 Bxg2+ 28. Kxg2 Qb5 29. Rd7 e5 30. Be3 Nd4 31. Re7 Kf8 32. Rc7 Ne6 33. Bh6+
Ke8 34. Rc1 b6 35. Qe3 Rd8 36. Qe4 f6 37. Kh1 Nc5 38. Qe1 g5 39. Qf2 Qd3 40. h4
gxh4 41. Kg2 Qa6 42. Qxh4 Qe2+ 43. Qf2 Qxf2+ 44. Kxf2 Nd3+ 45. Ke2 Nxc1+ 46.
Bxc1 Kf7 47. Ke3 Ke6 48. Ke4 Rd1 49. Bh6 Ra1 50. Be3 Rxa2 51. Kd3 Rb2 52. Kc3
Rg2 53. Kd3 Kd5 54. b4 Rg3 55. Ke2 e4 56. fxe4+ Kxe4 57. Bf2 Rxg4 58. Kd2 Kf3
59. Be1 h5 60. b5 Re4 61. Kd1 h4 62. Bxh4 Rxh4 63. Kd2 Rh5 64. Kc3 Ke3 65. Kc4
Rc5+ 66. Kb4 Kd3 67. Kb3 Rd5 68. Kb4 Rh5 69. Kb3 Rc5 70. Kb2 Rf5 71. Kb3 Rxb5+
72. Ka4 Rb2 73. Ka3 Kc3 74. Ka4 Rb1 75. Ka3 Ra1# 0-1

[Event "ICS rated blitz match"]
[Site "204.178.125.65"]
[Date "2000.01.21"]
[Round "?"]
[White "Hossa"]
[Black "egya"]
[Result "1/2-1/2"]
[WhiteElo "2482"]
[BlackElo "2123"]
[PlyCount "110"]

1. e4 d6 2. d4 c6 3. Bd3 Nd7 4. Nf3 e5 5. O-O Ngf6 6. Nbd2 Be7 7. dxe5 Nxe5 8.
Nxe5 dxe5 9. Nc4 Nd7 10. f4 b5 11. Nxe5 Nxe5 12. fxe5 Qd4+ 13. Kh1 Qxe5 14. c3
O-O 15. Bf4 Qc5 16. Qf3 Be6 17. e5 Rad8 18. Qe4 Rxd3 19. Qxd3 Bc4 20. Qf3 Bxf1
21. Rxf1 Qc4 22. b3 Qe6 23. Qf2 a5 24. Qa7 Bd8 25. Kg1 a4 26. Qc5 axb3 27. axb3
Qxb3 28. Qxc6 Ba5 29. Bd2 Rd8 30. Be1 Qd5 31. Qa6 Bxc3 32. Bxc3 Qc5+ 33. Kh1
Qxc3 34. Qxb5 Qd3 35. Qxd3 Rxd3 36. Rc1 g5 37. h3 Re3 38. Rc8+ Kg7 39. Re8 Kg6
40. Rg8+ Kf5 41. Rg7 Rxe5 42. Rxf7+ Kg6 43. Rf2 h5 44. g4 hxg4 45. hxg4 Re4 46.
Kh2 Rxg4 47. Rf1 Rf4 48. Rxf4 gxf4 49. Kg1 Kg5 50. Kf1 Kg4 51. Kg2 f3+ 52. Kf2
Kf4 53. Kf1 Ke3 54. Ke1 f2+ 55. Kf1 Kf3 1/2-1/2

[Event "ICS rated blitz match"]
[Site "204.178.125.65"]
[Date "2000.01.21"]
[Round "?"]
[White "EXchess"]
[Black "Hossa"]
[Result "0-1"]
[WhiteElo "2596"]
[BlackElo "2470"]
[PlyCount "132"]

1. e4 c5 2. Nf3 Nc6 3. d4 cxd4 4. Nxd4 Nf6 5. Nc3 e5 6. Ndb5 d6 7. Bg5 a6 8.
Na3 b5 9. Bxf6 gxf6 10. Nd5 Bg7 11. Qh5 Ne7 12. Nxe7 Qxe7 13. O-O-O Be6 14. Kb1
Rc8 15. Bd3 b4 16. Bxa6 bxa3 17. Bxc8 Bxc8 18. b3 Qc7 19. Rd3 Qc6 20. Rg3 Bf8
21. Qf3 Be7 22. Rd1 Bb7 23. Rd5 Qb6 24. Rd3 Qb4 25. Re3 Qb5 26. c4 Qb6 27. Rd3
Qc6 28. Rd5 Qa6 29. Rd1 Qa8 30. Re1 Qa5 31. Re2 Qd8 32. Qg4 Bf8 33. Rd3 h5 34.
Qh3 Bg7 35. Rd1 Qb6 36. Qf5 Qc5 37. h3 Qc6 38. Rd5 Qc7 39. Rdd2 Qb6 40. Rd3 Qa6
41. Ka1 Rh6 42. Red2 Bf8 43. Rd1 Qc6 44. Re3 h4 45. Rg1 Qc5 46. Rd3 Rg6 47.
Rdd1 Qc6 48. Rde1 Bh6 49. Qf3 Bf4 50. Re2 Qc5 51. Rd1 Qb4 52. Kb1 f5 53. Qxf4
exf4 54. exf5+ Kf8 55. fxg6 Bxg2 56. Rd4 Qc3 57. Rxf4 Qd3+ 58. Rc2 Qd1+ 59. Rc1
Qd2 60. g7+ Kg8 61. Rc2 Qxf4 62. c5 Bxh3 63. cxd6 Qe4 64. b4 Qxb4+ 65. Ka1 Qe1+
66. Rc1 Qxc1# 0-1

[Event "ICS rated blitz match"]
[Site "204.178.125.65"]
[Date "2000.01.21"]
[Round "?"]
[White "Hossa"]
[Black "EXchess"]
[Result "1/2-1/2"]
[WhiteElo "2492"]
[BlackElo "2574"]
[PlyCount "223"]

1. e4 e5 2. Nf3 Nc6 3. d4 exd4 4. Bc4 Nf6 5. O-O Nxe4 6. Re1 d5 7. Bxd5 Qxd5 8.
Nc3 Qa5 9. Nxe4 Be6 10. Neg5 O-O-O 11. Nxe6 fxe6 12. Rxe6 Be7 13. Qe2 Bf6 14.
Qe4 Qb5 15. Nd2 Na5 16. Nb3 Nc4 17. Rb1 Rhe8 18. Bf4 Rxe6 19. Qxe6+ Kb8 20. Qe4
Re8 21. Qxh7 Nxb2 22. Qg6 Qe2 23. Rf1 Qe7 24. Qh7 Qe4 25. Qxe4 Rxe4 26. Bc1 Nc4
27. Bd2 Nxd2 28. Nxd2 Re2 29. Rd1 c5 30. Kf1 Re5 31. Nc4 Re7 32. Re1 Rxe1+ 33.
Kxe1 Kc7 34. a4 g5 35. g3 Be7 36. f4 gxf4 37. gxf4 Kc6 38. Ke2 b6 39. Kd3 a6
40. Ke4 b5 41. Ne5+ Kb6 42. a5+ Kb7 43. Kd5 Kc7 44. f5 c4 45. Kxd4 Kd6 46. Nf7+
Kc6 47. Ke5 Bb4 48. Nd8+ Kd7 49. Ne6 Bxa5 50. Kd5 Ke7 51. Nc5 Kf6 52. Nxa6 Kxf5
53. Kc5 c3 54. Kxb5 Bd8 55. Kc4 Bf6 56. Nc5 Be5 57. h3 Kg5 58. Ne4+ Kh4 59.
Nxc3 Kxh3 60. Ne4 Bb2 61. Kd5 Kg4 62. c4 Ba3 63. Nf6+ Kf4 64. Nd7 Be7 65. Ne5
Ke3 66. Nc6 Ba3 67. Nd4 Kd3 68. Ne6 Bb4 69. Nd8 Ba5 70. Nb7 Bb4 71. Nc5+ Kc2
72. Kc6 Bd2 73. Ne4 Bb4 74. Kb5 Be7 75. Nc5 Kc3 76. Na4+ Kd4 77. Nb6 Bd6 78.
Nd5 Ke5 79. Nb4 Kf5 80. Nc6 Ke4 81. Ka4 Kd3 82. Kb3 Bc5 83. Ne5+ Ke4 84. Nc6
Kd3 85. Nb4+ Kd4 86. Nd5 Bd6 87. Nc3 Be5 88. Nd1 Kc5 89. Ne3 Bd4 90. Nf5 Bf6
91. Ng3 Be5 92. Ne2 Bb2 93. Nf4 Bf6 94. Ne6+ Kd6 95. Nf8 Bg7 96. Ng6 Kc5 97.
Nh4 Be5 98. Ng2 Kd4 99. Kb4 Bd6+ 100. Kb5 Kd3 101. Ne1+ Kd4 102. Nf3+ Ke3 103.
Ng5 Kd4 104. Ne6+ Ke5 105. Nd8 Kf5 106. Nf7 Be7 107. Nh6+ Ke5 108. Kc6 Kd4 109.
Kb5 Ke5 110. Kc6 Kd4 111. Kb5 Ke5 112. Kc6 1/2-1/2

[Event "ICS rated blitz match"]
[Site "204.178.125.65"]
[Date "2000.01.22"]
[Round "?"]
[White "Diomedes"]
[Black "Hossa"]
[Result "0-1"]
[WhiteElo "2460"]
[BlackElo "2500"]
[PlyCount "100"]

1. e4 e5 2. Nf3 Nc6 3. Bb5 a6 4. Ba4 Nf6 5. O-O Be7 6. d3 b5 7. Bb3 O-O 8. a4
Bb7 9. c3 d5 10. Qe2 Qd6 11. Bg5 dxe4 12. dxe4 Na5 13. Bc2 c6 14. Nbd2 b4 15.
Rfd1 bxc3 16. bxc3 Qc7 17. Rab1 c5 18. Nc4 Nxc4 19. Qxc4 Rfb8 20. h3 a5 21. Bb3
Rf8 22. Bxf6 Bxf6 23. Qe2 Bc6 24. Nd2 Rab8 25. Bc2 Rxb1 26. Rxb1 Rd8 27. Nc4
Be7 28. Ne3 g6 29. Bb3 Bxe4 30. Bxf7+ Kg7 31. Re1 Bd3 32. Qa2 Bh4 33. Bc4 e4
34. Bd5 Rf8 35. g3 Bf6 36. Rc1 Kh8 37. Ng4 Bg7 38. Qd2 Rf5 39. Ne3 Rf3 40. Kg2
Bh6 41. Qe1 Qd7 42. c4 Qg7 43. Rd1 Bxe3 44. fxe3 Qb2+ 45. Rd2 Qc3 46. Re2 Qe5
47. Rd2 Rf1 48. Qxf1 Bxf1+ 49. Kxf1 Qxg3 50. Rb2 Qxh3+ 0-1

[Event "ICS rated blitz match"]
[Site "204.178.125.65"]
[Date "2000.01.22"]
[Round "?"]
[White "Diomedes"]
[Black "Hossa"]
[Result "0-1"]
[WhiteElo "2417"]
[BlackElo "2527"]
[PlyCount "118"]

1. e4 e5 2. Nc3 Nf6 3. Nf3 Bb4 4. Nxe5 Qe7 5. Nd3 Bxc3 6. dxc3 Nxe4 7. Be2 O-O
8. O-O Re8 9. Bf3 d5 10. Re1 Bf5 11. Bf4 Nc6 12. h3 Rad8 13. Bh2 a6 14. Nf4 Ne5
15. Be2 c6 16. Bf1 Qh4 17. Qe2 Nc4 18. Rab1 Qg5 19. f3 Ned6 20. Qf2 Rxe1 21.
Qxe1 Bxc2 22. Rc1 Re8 23. Qf2 Bg6 24. b3 Ne3 25. Re1 Nxf1 26. Rxe8+ Nxe8 27.
Qxf1 Qe7 28. Qf2 Bb1 29. h4 Bxa2 30. b4 Bc4 31. Bg3 Nf6 32. Qa7 g6 33. h5 g5
34. Nh3 Nxh5 35. Qb8+ Kg7 36. Be5+ f6 37. Bd6 Qe3+ 38. Kh1 b6 39. Qf8+ Kg6 40.
Qg8+ Ng7 41. Bf8 Qe1+ 42. Kh2 Qe5+ 43. f4 Qc7 44. Bxg7 Qxg7 45. f5+ Kh6 46. Qe8
Qc7+ 47. g3 Kg7 48. Nf2 a5 49. bxa5 bxa5 50. Ng4 Qf7 51. Qd8 Be2 52. Ne3 a4 53.
Qd6 Qa7 54. Qe6 Bh5 55. g4 Qc7+ 56. Kg2 Bf7 57. Nxd5 cxd5 58. Qe3 a3 59. Qd4
Qc4 0-1

[Event "ICS rated blitz match"]
[Site "204.178.125.65"]
[Date "2000.01.22"]
[Round "?"]
[White "inmichess"]
[Black "Hossa"]
[Result "0-1"]
[WhiteElo "2494"]
[BlackElo "2538"]
[PlyCount "37"]

1. e4 e5 2. Nf3 Nc6 3. c3 Nf6 4. d4 Nxe4 5. d5 Bc5 6. Be3 Bxe3 7. fxe3 Ne7 8.
Nxe5 O-O 9. Qd4 Nf6 10. e4 d6 11. Nc4 Re8 12. Nbd2 Nf5 13. Qf2 Nxe4 14. Nxe4
Rxe4+ 15. Kd2 b5 16. Na3 Qg5+ 17. Kd3 Ne3 18. Kxe4 Bf5+ 19. Qxf5 0-1

[Event "ICS rated blitz match"]
[Site "204.178.125.65"]
[Date "2000.01.22"]
[Round "?"]
[White "Hossa"]
[Black "inmichess"]
[Result "0-1"]
[WhiteElo "2552"]
[BlackElo "2480"]
[PlyCount "138"]

1. e4 e5 2. Nf3 Nc6 3. Bb5 Nf6 4. O-O Bc5 5. c3 O-O 6. d4 Bb6 7. Bg5 exd4 8.
cxd4 h6 9. Bxf6 Qxf6 10. e5 Qf4 11. Bxc6 dxc6 12. h3 Be6 13. Nc3 Rad8 14. Qd3
Rfe8 15. Rac1 Bf5 16. Qe3 Rxd4 17. Nxd4 Qxd4 18. Qxd4 Bxd4 19. g4 Bg6 20. Rfd1
Bxe5 21. Rd7 f6 22. Rcd1 Bf7 23. Rd8 Rxd8 24. Rxd8+ Kh7 25. Ra8 Bd4 26. Rb8 b5
27. Rb7 Bb6 28. a3 Kg6 29. Kg2 c5 30. Kh2 b4 31. axb4 cxb4 32. Ne2 a5 33. Nf4+
Kh7 34. Kg3 a4 35. Rb8 a3 36. bxa3 bxa3 37. Ra8 Bc5 38. Ne2 Bd6+ 39. f4 g5 40.
Kf2 gxf4 41. Ra5 Bb4 42. Ra4 Be8 43. Ra8 Bc6 44. Rd8 Bc5+ 45. Kf1 Bb5 46. Ke1
f3 47. Ng3 f2+ 48. Kd2 Bd6 49. Rxd6 a2 50. Rd5 Ba4 51. Rc5 a1=Q 52. Rf5 Qg1 53.
Rf3 Qe1+ 54. Kd3 f1=Q+ 55. Rxf1 Qxg3+ 56. Kc4 Qxh3 57. Rb1 Qxg4+ 58. Kc3 Qf3+
59. Kd4 Qf2+ 60. Kc4 c5 61. Rb7+ Kg6 62. Kd3 Qd4+ 63. Ke2 Qe4+ 64. Kf1 Qxb7 65.
Kf2 Bd1 66. Kf1 Qh1+ 67. Kf2 Qh2+ 68. Kf1 Bf3 69. Ke1 Qe2# 0-1

[Event "ICS rated standard match"]
[Site "204.178.125.65"]
[Date "2000.01.22"]
[Round "?"]
[White "dixx"]
[Black "Hossa"]
[Result "1/2-1/2"]
[WhiteElo "2230"]
[BlackElo "2279"]
[PlyCount "146"]

1. d4 Nf6 2. Bf4 g6 3. Nf3 Bg7 4. e3 c5 5. dxc5 Qa5+ 6. c3 Qxc5 7. Nbd2 d5 8.
Nb3 Qb6 9. Be5 Nbd7 10. Bd4 Qd6 11. Bxf6 Bxf6 12. a4 O-O 13. a5 Nc5 14. Nfd4
Nxb3 15. Nxb3 e5 16. Rc1 Be6 17. Be2 Qc6 18. O-O Bg7 19. Bg4 Rac8 20. Bxe6 fxe6
21. Re1 Qb5 22. Re2 Rc7 23. Ra1 Rd7 24. Qc2 Qc4 25. f3 Rdf7 26. Rd1 b6 27. axb6
axb6 28. e4 Ra7 29. Nc1 Ra1 30. exd5 exd5 31. Nd3 e4 32. fxe4 Rxd1+ 33. Qxd1
dxe4 34. Nf2 Qc5 35. Qe1 Be5 36. Kh1 Bc7 37. Nxe4 Qh5 38. g3 Qd5 39. Rd2 Qe6
40. Rd1 Qg4 41. Rd4 Qh3 42. Nd2 Rf6 43. c4 Rf7 44. b3 Rf6 45. b4 Rf8 46. Rd5
Rf7 47. Qe8+ Rf8 48. Qe2 Kh8 49. Qd3 Re8 50. Nf3 Qh6 51. Ng5 Kg8 52. Kg2 Re7
53. c5 Qg7 54. Qc2 Qa1 55. Rd1 Qf6 56. cxb6 Qxb6 57. Qb3+ Kg7 58. Qc4 Qb7+ 59.
Nf3 Rf7 60. Qc3+ Kg8 61. h3 Qe4 62. Rd2 Bb6 63. b5 Rf5 64. Qc8+ Kg7 65. Rd7+
Kh6 66. Qc1+ Be3 67. Qc6 Qb1 68. Qc3 Qa2+ 69. Kh1 Qb1+ 70. Kg2 Qa2+ 71. Kh1
Qb1+ 72. Kg2 Qa2+ 73. Kh1 Qb1+ 1/2-1/2